| 000 | 01125cam a2200277 i 4500 | ||
|---|---|---|---|
| 003 | SA-RiAUC | ||
| 005 | 20240912144726.0 | ||
| 008 | 240911s1995 su g 000r0 ara c | ||
| 020 | _a9960627691 | ||
| 040 |
_aSA-RiAUC _bara _cSA-RiAUC _erda |
||
| 082 | 0 | 4 | _a253.4 |
| 090 |
_a253.4 _bم ح ك |
||
| 110 | 1 |
_aالمحكمة الشرعية الفيدرالية _eمؤلف. |
|
| 245 | 1 | 0 |
_aحكم المحكمة الشرعية الاتحادية الباكستانية بشأن الفائدة (الربا) / _cالمحكمة الشرعية الفيدرالية. |
| 250 | _aالطبعة الاولى | ||
| 264 | 1 |
_aجدة : _bالبنك الإسلامي للتنمية، _c[1995] |
|
| 300 |
_a520 صفحة ؛ _c24 سم. |
||
| 336 |
_aنص _btxt _2rdacontent _3كتاب |
||
| 337 |
_aبدون وسيط _bn _2rdamedia |
||
| 338 |
_aمجلد _bnc _2rdacarrier |
||
| 440 | 0 |
_aسلسلة ترجمات الإقتصاد الإسلامي _v7 |
|
| 610 | 1 | 7 |
_aباكستان. _bالمحكمة الشرعية الاتحادية _2aucnm |
| 650 | 7 |
_aالربا _2aucsh |
|
| 942 |
_2ddc _cBOOK |
||
| 949 |
_aSA-JeALM _d240911 _umohamedma123 _n1 |
||
| 999 |
_c212 _d212 |
||